Portrait of the artist as a young dog / (Record no. 19580)
[ view plain ]
| 000 -LEADER | |
|---|---|
| fixed length control field | 00650nam a2200217Ii 4500 |
| 001 - CONTROL NUMBER | |
| control field | 19580 |
| 003 - CONTROL NUMBER IDENTIFIER | |
| rucl marc code | BD-RjUL |
| 005 - DATE AND TIME OF LATEST TRANSACTION | |
| control field | 20211209000442.0 |
| 008 - FIXED-LENGTH DATA ELEMENTS--GENERAL INFORMATION | |
| fixed length control field | 140225r19581940nyu 00010aeng d |
| 035 ## - SYSTEM CONTROL NUMBER | |
| System control number | (BD-RjUL)19640 |
| 040 ## - CATALOGING SOURCE | |
| Original cataloging agency | TOL |
| Transcribing agency | TOL |
| Modifying agency | m.c. |
| -- | BOS |
| -- | BD-RjUL |
| Language of cataloging | eng |
| 041 ## - LANGUAGE CODE | |
| Language code of text/sound track or separate title | eng |
| 082 04 - DEWEY DECIMAL CLASSIFICATION NUMBER | |
| Classification number | 823 |
| Author mark and year | THP 1958 |
| 090 ## - LOCALLY ASSIGNED LC-TYPE CALL NUMBER (OCLC); LOCAL CALL NUMBER (OCLC) | |
| Classification number (OCLC) (R) ; Classification number, CALL (RLIN) (NR) | PR6039.H52 |
| Local cutter number (OCLC) ; Book number/undivided call number, CALL (RLIN) | Z5 F40 |
| 100 1# - MAIN ENTRY--PERSONAL NAME | |
| Personal name | Thomas, Dylan, |
| Dates associated with a name | 1914-1953. |
| 9 (RLIN) | 60156 |
| 245 10 - TITLE STATEMENT | |
| Title | Portrait of the artist as a young dog / |
| Statement of responsibility, etc. | by Dylan Thomas. |
| 260 ## - PUBLICATION, DISTRIBUTION, ETC. (IMPRINT) | |
| Place of publication, distribution, etc. | London : |
| Name of publisher, distributor, etc. | Dent, |
| Date of publication, distribution, etc. | 1940 [reprinted 1958]. |
| 300 ## - PHYSICAL DESCRIPTION | |
| Pagination | 245 p. ; |
| Size | 19 cm. |
| 650 1# - SUBJECT ADDED ENTRY--TOPICAL TERM | |
| Topical term or geographic name as entry element | Thomas, Dylan, -- 1914-1953 -- Fiction. |
| 9 (RLIN) | 60157 |
| 942 ## - ADDED ENTRY ELEMENTS (KOHA) | |
| Source of classification or shelving scheme | Dewey Decimal Classification |
| Koha item type | Books |
| Lost status | Source of classification or shelving scheme | Damaged status | Not for loan | Collection code | Permanent Location | Current Location | Shelving location | Date acquired | Source of acquisition | Cost, normal purchase price | Total Checkouts | Full call number | Date last seen | Copy number | Koha item type |
|---|---|---|---|---|---|---|---|---|---|---|---|---|---|---|---|
| Dewey Decimal Classification | Fiction | Central Library, University of Rajshahi | Central Library, University of Rajshahi | 09/04/1964 | Zeitlinger | 12.60 | 823 THP 1958 | 25/02/2014 | C-2 | Books | |||||
| Dewey Decimal Classification | Added to bundle | Fiction | Central Library, University of Rajshahi | Central Library, University of Rajshahi | Reading Room | 06/08/1956 | B.H.Black well | 10.00 | 823 THP 1954 | 04/03/2014 | C-1 | Books |